| 000 | 00508nam a2200157 4500 | ||
|---|---|---|---|
| 008 | 230530b |||||||| |||| 00| 0 eng d | ||
| 020 | _a9781483126722 | ||
| 050 | _aLA 1841 .C36 1970 | ||
| 100 | _aCameron, J. | ||
| 245 |
_aSociety, schools and progress in Tanzania/ _cJ. Cameron and W. Adodd |
||
| 260 |
_aOxford: _bPergamon Press Inc, _c1970. |
||
| 300 | _axvi, 255p. | ||
| 650 |
_aEducation _zTanzania |
||
| 650 | _aPolitics and government. | ||
| 942 |
_2lcc _cAFRICANA _hLA 1841 .C36 1970 |
||
| 999 |
_c31564 _d31564 |
||